000 00677nab a2200193 a 4500
005 20210219161238.0
008 991125s1985 mx 000 0 spa u
035 _aUPN01000181371
100 1 _aGuerra Ramos, María Terersa
222 0 _aREVISTA MEXICANA DE INVESTIGACION EDUCATIVA
245 0 0 _aLas actividades incluidas en el libro de texto para la enseñanza de las ciencias naturales en sexto grado de primaria
300 _a441-470
362 0 _a2011 Vol. 16, no. 49 (2), abr.-jun.
653 0 _aCIENCIAS NATURALES
653 0 _aEDUCACION PRIMARIA
653 0 _aLIBRO DE TEXTO GRATUITO
700 1 _aLópez Valentín, Dulce María,
_ecoaut.
905 _aArticulo
999 _c153474
_d153474